Emoce významně zasahují do řízení lidí

Emocionálna inteligencia nie je protikladom rozumovej inteligencii. Je schopnosťou uvedomovať si vlastné pocity i pocity ostatných a účinne ich ovplyvňovať. Emocionálna inteligencia v riadení - jeden z prostriedkov riadenia diverzity ľudských zdrojov. Ako používať emócie. Aktívne počúvanie - neustál...

Description complète

Enregistré dans:
Détails bibliographiques
Auteur principal: Urban, Jan
Format: Chapitre de livre
Langue:tchèque
Sujets:
Tags: Ajouter un tag
Pas de tags, Soyez le premier à ajouter un tag!

MARC

LEADER 00000naa$a2200000$$$4500
001 0073377
005 20231019114325.7
041 0 |a cze 
044 |a CZ 
245 1 0 |a Emoce významně zasahují do řízení lidí  |c Jan Urban 
520 |a Emocionálna inteligencia nie je protikladom rozumovej inteligencii. Je schopnosťou uvedomovať si vlastné pocity i pocity ostatných a účinne ich ovplyvňovať. Emocionálna inteligencia v riadení - jeden z prostriedkov riadenia diverzity ľudských zdrojov. Ako používať emócie. Aktívne počúvanie - neustály dialóg. 
610 2 0 |a inteligencia emocionálna 
610 2 0 |a psychológia riadenia 
610 2 0 |a manažéri 
100 1 |a Urban, Jan